[Event "Deutsche Ländermeisterschaft 2021"]
[Site "Neumünster GER"]
[Date "2021.10.05"]
[Round "6"]
[White "Hubert, Charlotte"]
[Black "Nguyen, Ha Thanh"]
[Result "1/2-1/2"]
[Termination "normal"]
[Board "5.4"]
[WhiteElo "1696"]
[BlackElo "2001"]
[WhiteClock "00:01:27"]
[BlackClock "00:11:05"]
[WhiteTeam "Hamburg"]
[BlackTeam "Thüringen"]
[PlyCount "80"]
[WhiteFideId "16265920"]
[BlackFideId "12942154"]
[EventCountry "GER"]
[EventRounds "7"]
[EventType "team-swiss"]
[EventDate "2021.10.01"]

1. d4 {[%clk 1:30:53]} Nf6 {[%clk 1:30:47]} 2. c4 {[%clk 1:31:17]} g6 {[%clk
1:31:10]} 3. h4 {[%clk 1:31:42]} c5 {[%clk 1:31:14]} 4. d5 {[%clk 1:30:57]} b5
{[%clk 1:30:45]} 5. cxb5 {[%clk 1:29:42]} a6 {[%clk 1:30:53]} 6. bxa6 {[%clk
1:29:56]} Bxa6 {[%clk 1:28:18]} 7. Nc3 {[%clk 1:29:46]} Bg7 {[%clk 1:27:17]} 8.
e4 {[%clk 1:27:36]} Qa5 {[%clk 1:17:04]} 9. Bd2 {[%clk 1:19:48]} Bxf1 {[%clk
1:12:43]} 10. Kxf1 {[%clk 1:20:06]} Qb4 {[%clk 1:12:26]} 11. Qe2 {[%clk
0:56:40]} O-O {[%clk 1:02:42]} 12. e5 {[%clk 0:45:40]} Nh5 {[%clk 1:00:58]} 13.
Nd1 {[%clk 0:36:06]} Qd4 {[%clk 0:58:19]} 14. Nf3 {[%clk 0:34:20]} Qg4 {[%clk
0:52:51]} 15. Rc1 {[%clk 0:18:40]} Nf4 {[%clk 0:51:56]} 16. Bxf4 {[%clk
0:18:54]} Qxf4 {[%clk 0:52:19]} 17. Rc4 {[%clk 0:18:41]} Qf5 {[%clk 0:52:09]}
18. Nc3 {[%clk 0:14:07]} d6 {[%clk 0:51:43]} 19. g4 {[%clk 0:09:46]} Qd7 {[%clk
0:49:29]} 20. Kg2 {[%clk 0:09:44]} Na6 {[%clk 0:39:03]} 21. h5 {[%clk 0:09:24]}
Nc7 {[%clk 0:35:17]} 22. Qe4 {[%clk 0:08:46]} f5 {[%clk 0:33:38]} 23. exf6
{[%clk 0:05:54]} Rxf6 {[%clk 0:33:18]} 24. hxg6 hxg6 {[%clk 0:32:49]} 25. g5
{[%clk 0:03:44]} Rf5 {[%clk 0:32:41]} 26. Qh4 {[%clk 0:03:36]} Kf7 {[%clk
0:32:15]} 27. Qg4 {[%clk 0:03:15]} Ke8 {[%clk 0:28:01]} 28. Rh7 {[%clk
0:03:26]} Rf7 {[%clk 0:27:03]} 29. Qe4 {[%clk 0:01:18]} Kf8 {[%clk 0:23:00]}
30. Qxg6 {[%clk 0:01:15]} Qf5 {[%clk 0:22:32]} 31. Qh5 {[%clk 0:01:17]} e6
{[%clk 0:17:18]} 32. dxe6 {[%clk 0:00:40]} Nxe6 {[%clk 0:17:33]} 33. Ne2 {[%clk
0:00:58]} Nxg5 {[%clk 0:16:58]} 34. Rf4 {[%clk 0:01:03]} Qxh7 {[%clk 0:15:31]}
35. Rxf7+ {[%clk 0:01:17]} Kg8 {[%clk 0:15:51]} 36. Qxh7+ {[%clk 0:01:33]} Nxh7
{[%clk 0:16:17]} 37. Rd7 {[%clk 0:01:01]} Rxa2 {[%clk 0:15:40]} 38. Rxd6 {[%clk
0:01:12]} Rxb2 {[%clk 0:15:51]} 39. Nf4 {[%clk 0:01:12]} c4 {[%clk 0:11:05]}
40. Rc6 {[%clk 0:01:27]} c3 1/2-1/2

[Event "Deutsche Ländermeisterschaft 2021"]
[Site "Neumünster GER"]
[Date "2021.10.05"]
[Round "6"]
[White "Bock, Marlon"]
[Black "Fuhrmann, Bahne"]
[Result "0-1"]
[Termination "normal"]
[Board "5.5"]
[WhiteElo "1727"]
[BlackElo "1820"]
[WhiteClock "00:08:15"]
[BlackClock "00:40:43"]
[WhiteTeam "Thüringen"]
[BlackTeam "Hamburg"]
[PlyCount "66"]
[WhiteFideId "16244931"]
[BlackFideId "16244842"]
[EventCountry "GER"]
[EventRounds "7"]
[EventType "team-swiss"]
[EventDate "2021.10.01"]

1. d4 {[%clk 1:30:57]} Nf6 {[%clk 1:30:56]} 2. Nf3 {[%clk 1:31:15]} g6 {[%clk
1:31:21]} 3. Nc3 {[%clk 1:31:28]} d5 {[%clk 1:31:28]} 4. Bf4 {[%clk 1:31:21]}
Bg7 {[%clk 1:31:04]} 5. Qd2 {[%clk 1:30:21]} O-O {[%clk 1:30:18]} 6. Bh6 {[%clk
1:29:32]} c6 {[%clk 1:29:34]} 7. h4 {[%clk 1:23:05]} Bxh6 {[%clk 1:29:15]} 8.
Qxh6 {[%clk 1:22:40]} Qb6 {[%clk 1:29:38]} 9. Qc1 {[%clk 1:09:11]} c5 {[%clk
1:26:49]} 10. dxc5 {[%clk 1:02:04]} Qxc5 {[%clk 1:27:05]} 11. e3 {[%clk
1:00:09]} h5 {[%clk 1:23:53]} 12. Be2 {[%clk 0:55:38]} Nc6 {[%clk 1:23:46]} 13.
O-O {[%clk 0:52:52]} e5 {[%clk 1:23:10]} 14. Na4 {[%clk 0:46:41]} Qa5 {[%clk
1:22:36]} 15. b3 {[%clk 0:46:03]} Bf5 {[%clk 1:21:35]} 16. c3 {[%clk 0:37:50]}
Rac8 {[%clk 1:18:13]} 17. Qe1 {[%clk 0:33:09]} a6 {[%clk 1:13:20]} 18. Rc1
{[%clk 0:28:26]} b5 {[%clk 1:02:43]} 19. Nc5 {[%clk 0:23:32]} Qb6 {[%clk
1:01:42]} 20. b4 {[%clk 0:22:48]} Rfd8 {[%clk 1:01:14]} 21. Nd2 {[%clk
0:21:08]} d4 {[%clk 0:54:08]} 22. e4 {[%clk 0:18:19]} Bd7 {[%clk 0:51:06]} 23.
Ndb3 {[%clk 0:17:43]} Be8 {[%clk 0:47:03]} 24. Kh1 {[%clk 0:16:32]} dxc3 {[%clk
0:45:37]} 25. Qxc3 {[%clk 0:15:53]} Nd4 {[%clk 0:45:27]} 26. Bf3 {[%clk
0:15:27]} Nd7 {[%clk 0:43:38]} 27. Nxd7 {[%clk 0:11:39]} Bxd7 {[%clk 0:42:33]}
28. Nc5 {[%clk 0:11:48]} Qf6 {[%clk 0:41:58]} 29. Nxd7 {[%clk 0:10:59]} Qxh4+
{[%clk 0:41:20]} 30. Kg1 {[%clk 0:09:35]} Rxc3 {[%clk 0:41:32]} 31. Rxc3 {[%clk
0:08:16]} Rxd7 {[%clk 0:41:56]} 32. Rfc1 {[%clk 0:08:06]} Nxf3+ {[%clk
0:40:22]} 33. gxf3 {[%clk 0:08:15]} Rd2 {[%clk 0:40:43]} 0-1

[Event "Deutsche Ländermeisterschaft 2021"]
[Site "Neumünster GER"]
[Date "2021.10.05"]
[Round "6"]
[White "Wartenberg, Alissa"]
[Black "Aniol, Nico"]
[Result "1/2-1/2"]
[Termination "normal"]
[Board "5.6"]
[WhiteElo "1662"]
[BlackElo "1464"]
[WhiteClock "00:35:39"]
[BlackClock "00:20:29"]
[WhiteTeam "Hamburg"]
[BlackTeam "Thüringen"]
[PlyCount "97"]
[WhiteFideId "16280741"]
[BlackFideId "16287096"]
[EventCountry "GER"]
[EventRounds "7"]
[EventType "team-swiss"]
[EventDate "2021.10.01"]

1. e4 {[%clk 1:30:58]} c5 {[%clk 1:30:48]} 2. Nf3 {[%clk 1:31:25]} Nc6 {[%clk
1:30:50]} 3. d4 {[%clk 1:31:47]} cxd4 {[%clk 1:30:34]} 4. Nxd4 {[%clk 1:32:13]}
Nf6 {[%clk 1:30:17]} 5. Nc3 {[%clk 1:32:38]} e5 {[%clk 1:29:55]} 6. Ndb5 {[%clk
1:33:00]} d6 {[%clk 1:29:59]} 7. Bg5 {[%clk 1:33:25]} a6 {[%clk 1:30:00]} 8.
Na3 {[%clk 1:33:52]} b5 {[%clk 1:30:16]} 9. Nd5 {[%clk 1:34:17]} Be7 {[%clk
1:29:57]} 10. Bxf6 {[%clk 1:34:42]} Bxf6 {[%clk 1:29:26]} 11. c4 {[%clk
1:35:04]} b4 {[%clk 1:27:35]} 12. Nc2 {[%clk 1:35:23]} a5 {[%clk 1:26:17]} 13.
g3 {[%clk 1:35:09]} Bg5 {[%clk 1:25:20]} 14. Bg2 {[%clk 1:35:22]} O-O {[%clk
1:23:32]} 15. O-O {[%clk 1:35:46]} Ne7 {[%clk 1:08:21]} 16. Nce3 {[%clk
1:34:05]} Bb7 {[%clk 1:03:32]} 17. Qd3 {[%clk 1:30:27]} Nxd5 {[%clk 0:59:53]}
18. Nxd5 {[%clk 1:27:01]} Bxd5 {[%clk 0:58:02]} 19. Qxd5 {[%clk 1:25:02]} Qb6
{[%clk 0:55:45]} 20. Rad1 {[%clk 1:23:15]} Rfd8 {[%clk 0:53:28]} 21. Qd3 {[%clk
1:16:31]} a4 {[%clk 0:49:50]} 22. Ra1 {[%clk 1:10:57]} b3 {[%clk 0:44:12]} 23.
axb3 {[%clk 1:09:26]} Qxb3 {[%clk 0:44:34]} 24. Qxb3 {[%clk 1:09:15]} axb3
{[%clk 0:44:58]} 25. Rfd1 {[%clk 1:08:26]} Ra2 {[%clk 0:44:17]} 26. Rxa2 {[%clk
1:06:44]} bxa2 {[%clk 0:44:36]} 27. Ra1 {[%clk 1:05:52]} Ra8 {[%clk 0:45:00]}
28. f4 {[%clk 0:54:31]} Bf6 {[%clk 0:42:45]} 29. h4 {[%clk 0:52:01]} Ra7 {[%clk
0:41:48]} 30. f5 {[%clk 0:51:45]} Bd8 {[%clk 0:42:14]} 31. c5 {[%clk 0:48:01]}
dxc5 {[%clk 0:41:20]} 32. Bf1 {[%clk 0:47:53]} Ra4 {[%clk 0:41:45]} 33. Bb5
{[%clk 0:47:56]} Rxe4 {[%clk 0:38:51]} 34. Rxa2 {[%clk 0:48:10]} g6 {[%clk
0:38:40]} 35. Ra8 {[%clk 0:47:13]} Rd4 {[%clk 0:39:05]} 36. fxg6 {[%clk
0:46:03]} hxg6 {[%clk 0:39:26]} 37. b3 {[%clk 0:43:55]} Rd2 {[%clk 0:38:10]}
38. Bc4 {[%clk 0:43:40]} Kf8 {[%clk 0:34:07]} 39. Rc8 {[%clk 0:43:44]} Ke7
{[%clk 0:34:20]} 40. Kf1 {[%clk 0:42:55]} f6 {[%clk 0:27:29]} 41. Rxc5 {[%clk
0:40:32]} Bb6 {[%clk 0:22:32]} 42. Rc6 {[%clk 0:39:34]} Bf2 {[%clk 0:21:19]}
43. Re6+ {[%clk 0:39:28]} Kd7 {[%clk 0:21:41]} 44. Rxf6 {[%clk 0:39:50]} Bxg3
{[%clk 0:22:07]} 45. Rxg6 {[%clk 0:40:02]} Bxh4 {[%clk 0:22:30]} 46. Rg4 {[%clk
0:36:49]} Be7 {[%clk 0:21:13]} 47. Rg3 {[%clk 0:35:26]} Bb4 {[%clk 0:20:05]}
48. Rd3+ {[%clk 0:35:29]} Rxd3 {[%clk 0:20:29]} 49. Bxd3 {[%clk 0:35:39]}
1/2-1/2

[Event "Deutsche Ländermeisterschaft 2021"]
[Site "Neumünster GER"]
[Date "2021.10.05"]
[Round "6"]
[White "Eichhorn, Mathilda"]
[Black "Dorendorf, Mika"]
[Result "0-1"]
[Termination "normal"]
[Board "5.7"]
[WhiteElo "1329"]
[BlackElo "1528"]
[WhiteClock "00:00:46"]
[BlackClock "01:15:31"]
[WhiteTeam "Thüringen"]
[BlackTeam "Hamburg"]
[PlyCount "70"]
[WhiteFideId "16242289"]
[BlackFideId "16283066"]
[EventCountry "GER"]
[EventRounds "7"]
[EventType "team-swiss"]
[EventDate "2021.10.01"]

1. e4 {[%clk 1:30:56]} c5 {[%clk 1:30:57]} 2. Nf3 {[%clk 1:31:18]} Nc6 {[%clk
1:30:18]} 3. d4 {[%clk 1:31:38]} cxd4 {[%clk 1:30:43]} 4. Nxd4 {[%clk 1:32:01]}
Nf6 {[%clk 1:30:56]} 5. Nc3 {[%clk 1:31:56]} e5 {[%clk 1:31:00]} 6. Ndb5 {[%clk
1:31:58]} d6 {[%clk 1:31:17]} 7. Bg5 {[%clk 1:31:40]} a6 {[%clk 1:31:43]} 8.
Na3 {[%clk 1:31:55]} b5 {[%clk 1:32:10]} 9. Bxf6 {[%clk 1:32:05]} Qxf6 {[%clk
1:31:02]} 10. Nd5 {[%clk 1:31:50]} Qd8 {[%clk 1:31:18]} 11. Bxb5 {[%clk
1:31:39]} axb5 {[%clk 1:31:21]} 12. Nxb5 {[%clk 1:31:30]} Be6 {[%clk 1:30:49]}
13. Nbc7+ {[%clk 1:24:48]} Kd7 {[%clk 1:30:10]} 14. Nxa8 {[%clk 1:24:27]} Bxd5
{[%clk 1:29:42]} 15. Qxd5 {[%clk 1:22:33]} f6 {[%clk 1:29:41]} 16. c3 {[%clk
1:01:45]} Qxa8 {[%clk 1:27:40]} 17. b4 {[%clk 1:01:22]} Qb7 {[%clk 1:24:14]}
18. b5 {[%clk 1:00:35]} Nd8 {[%clk 1:24:37]} 19. Qxb7+ {[%clk 1:00:15]} Nxb7
{[%clk 1:24:57]} 20. O-O {[%clk 0:48:46]} Be7 {[%clk 1:23:41]} 21. Rfb1 {[%clk
0:43:47]} Ra8 {[%clk 1:21:21]} 22. a4 {[%clk 0:39:11]} Ra5 {[%clk 1:18:36]} 23.
f3 {[%clk 0:31:41]} Bd8 {[%clk 1:17:52]} 24. Kf1 {[%clk 0:27:07]} Bb6 {[%clk
1:17:41]} 25. Ke2 {[%clk 0:26:00]} Ke6 {[%clk 1:17:27]} 26. c4 {[%clk 0:15:53]}
Kd7 {[%clk 1:17:02]} 27. h4 {[%clk 0:08:20]} Kc7 {[%clk 1:16:30]} 28. Kd2
{[%clk 0:04:29]} Bc5 {[%clk 1:16:08]} 29. g4 {[%clk 0:03:04]} g6 {[%clk
1:15:53]} 30. Ra2 {[%clk 0:01:54]} Bd4 {[%clk 1:15:28]} 31. Rb4 {[%clk
0:02:04]} Kb6 {[%clk 1:15:35]} 32. Kc2 {[%clk 0:01:40]} Bf2 {[%clk 1:15:10]}
33. h5 {[%clk 0:01:52]} Kc5 {[%clk 1:15:16]} 34. Kb3 {[%clk 0:02:03]} Be1
{[%clk 1:15:37]} 35. Ra1 {[%clk 0:00:46]} Bxb4 {[%clk 1:15:31]} 0-1

[Event "Deutsche Ländermeisterschaft 2021"]
[Site "Neumünster GER"]
[Date "2021.10.05"]
[Round "6"]
[White "Stas, Antonia"]
[Black "Blaufuß, Lena"]
[Result "1/2-1/2"]
[Termination "normal"]
[Board "5.8"]
[WhiteElo "1294"]
[BlackElo "1182"]
[WhiteClock "00:29:52"]
[BlackClock "00:30:29"]
[WhiteTeam "Hamburg"]
[BlackTeam "Thüringen"]
[PlyCount "54"]
[WhiteFideId "16217403"]
[BlackFideId "34610642"]
[EventCountry "GER"]
[EventRounds "7"]
[EventType "team-swiss"]
[EventDate "2021.10.01"]

1. e4 {[%clk 1:30:57]} e5 {[%clk 1:30:55]} 2. Nf3 {[%clk 1:31:23]} Nc6 {[%clk
1:31:13]} 3. Bc4 {[%clk 1:31:45]} Bc5 {[%clk 1:31:35]} 4. c3 {[%clk 1:32:04]}
Nf6 {[%clk 1:31:41]} 5. d4 {[%clk 1:32:25]} exd4 {[%clk 1:31:58]} 6. e5 {[%clk
1:32:47]} d5 {[%clk 1:32:08]} 7. Bb5 {[%clk 1:32:56]} a6 {[%clk 1:29:21]} 8.
Ba4 {[%clk 1:31:55]} Ne4 {[%clk 1:26:13]} 9. cxd4 {[%clk 1:31:20]} Bb4+ {[%clk
1:25:12]} 10. Bd2 {[%clk 1:31:20]} Bxd2+ {[%clk 1:24:37]} 11. Nbxd2 {[%clk
1:31:37]} O-O {[%clk 1:23:53]} 12. O-O {[%clk 1:29:38]} Ne7 {[%clk 1:21:35]}
13. Re1 {[%clk 1:27:48]} Nxd2 {[%clk 1:20:12]} 14. Qxd2 {[%clk 1:27:37]} Ng6
{[%clk 1:18:29]} 15. Rac1 {[%clk 1:18:09]} c6 {[%clk 1:16:46]} 16. Bb3 {[%clk
1:10:53]} Be6 {[%clk 1:14:38]} 17. Ng5 {[%clk 1:00:45]} Qe7 {[%clk 1:08:10]}
18. Bc2 {[%clk 0:55:41]} Bc8 {[%clk 1:04:13]} 19. Nf3 {[%clk 0:47:45]} Bd7
{[%clk 0:57:12]} 20. Qd3 {[%clk 0:45:20]} Qe6 {[%clk 0:56:08]} 21. h3 {[%clk
0:39:48]} Rac8 {[%clk 0:51:12]} 22. b4 {[%clk 0:35:47]} b5 {[%clk 0:48:29]} 23.
Nh4 {[%clk 0:35:40]} Rcd8 {[%clk 0:42:56]} 24. f4 {[%clk 0:34:57]} f5 {[%clk
0:38:26]} 25. Nf3 {[%clk 0:31:20]} Nxf4 {[%clk 0:35:28]} 26. Qd2 {[%clk
0:29:39]} Ng6 {[%clk 0:32:34]} 27. Ng5 {[%clk 0:29:52]} Qe7 {[%clk 0:30:29]}
1/2-1/2

[Event "Deutsche Ländermeisterschaft 2021"]
[Site "Neumünster GER"]
[Date "2021.10.05"]
[Round "6"]
[White "Geltz, Noah"]
[Black "Musiolik, David"]
[Result "1/2-1/2"]
[Termination "normal"]
[Board "6.2"]
[WhiteElo "2088"]
[BlackElo "2200"]
[WhiteClock "00:37:44"]
[BlackClock "00:30:13"]
[WhiteTeam "Württemberg"]
[BlackTeam "Rheinland-Pfalz"]
[PlyCount "85"]
[WhiteFideId "16224256"]
[BlackFideId "12972355"]
[EventCountry "GER"]
[EventRounds "7"]
[EventType "team-swiss"]
[EventDate "2021.10.01"]

1. e4 {[%clk 1:30:54]} c6 {[%clk 1:30:48]} 2. d4 {[%clk 1:27:41]} d5 {[%clk
1:28:35]} 3. e5 {[%clk 1:28:01]} Bf5 {[%clk 1:28:39]} 4. h4 {[%clk 1:28:20]}
Qc7 {[%clk 1:28:22]} 5. h5 {[%clk 1:22:06]} h6 {[%clk 1:26:54]} 6. c3 {[%clk
1:13:33]} e6 {[%clk 1:12:18]} 7. Bd3 {[%clk 1:08:09]} Ne7 {[%clk 1:05:14]} 8.
Ne2 {[%clk 1:04:13]} Nd7 {[%clk 1:04:22]} 9. Bxf5 {[%clk 1:04:03]} Nxf5 {[%clk
1:04:25]} 10. g4 {[%clk 1:00:57]} Ne7 {[%clk 1:04:32]} 11. Na3 {[%clk 1:00:05]}
O-O-O {[%clk 0:44:12]} 12. f4 {[%clk 0:54:12]} g6 {[%clk 0:38:42]} 13. Qd3
{[%clk 0:48:00]} gxh5 {[%clk 0:36:15]} 14. Rxh5 {[%clk 0:47:48]} f5 {[%clk
0:33:14]} 15. Ng3 {[%clk 0:43:19]} fxg4 {[%clk 0:21:43]} 16. Be3 {[%clk
0:36:40]} a6 {[%clk 0:16:54]} 17. Nc2 {[%clk 0:34:37]} c5 {[%clk 0:15:24]} 18.
dxc5 {[%clk 0:32:54]} Nc6 {[%clk 0:14:14]} 19. Nd4 {[%clk 0:31:51]} Ndxe5
{[%clk 0:12:05]} 20. fxe5 {[%clk 0:30:41]} Nxe5 {[%clk 0:12:29]} 21. Qe2 {[%clk
0:30:21]} Nf3+ {[%clk 0:06:09]} 22. Kf2 {[%clk 0:30:39]} Qf7 {[%clk 0:05:01]}
23. Kg2 {[%clk 0:26:57]} Rg8 {[%clk 0:03:30]} 24. Bxh6 {[%clk 0:22:14]} e5
{[%clk 0:01:17]} 25. Nxf3 {[%clk 0:20:17]} gxf3+ {[%clk 0:01:46]} 26. Qxf3
{[%clk 0:20:39]} Qg6 {[%clk 0:02:00]} 27. Rah1 {[%clk 0:19:29]} Bxh6 {[%clk
0:00:59]} 28. Rxh6 {[%clk 0:19:43]} Qc2+ {[%clk 0:01:17]} 29. Kh3 {[%clk
0:18:33]} Rdf8 {[%clk 0:01:12]} 30. Qg2 {[%clk 0:16:35]} Rxg3+ {[%clk 0:00:41]}
31. Qxg3 {[%clk 0:16:58]} Kb8 {[%clk 0:00:41]} 32. Qxe5+ {[%clk 0:14:11]} Ka7
{[%clk 0:01:09]} 33. Rxa6+ {[%clk 0:14:28]} Kxa6 {[%clk 0:01:17]} 34. Qd6+
{[%clk 0:14:41]} Ka7 {[%clk 0:01:24]} 35. Qxf8 {[%clk 0:14:59]} Qh7+ {[%clk
0:01:03]} 36. Kg2 {[%clk 0:14:50]} Qg6+ {[%clk 0:01:29]} 37. Kf2 {[%clk
0:14:46]} Qc2+ {[%clk 0:01:53]} 38. Kg1 {[%clk 0:13:05]} Qg6+ {[%clk 0:02:12]}
39. Kh2 {[%clk 0:09:37]} Qh7+ {[%clk 0:02:14]} 40. Kg2 {[%clk 0:10:00]} Qg6+
{[%clk 0:02:34]} 41. Kf2 {[%clk 0:08:47]} Qc2+ {[%clk 0:02:54]} 42. Kf1 {[%clk
0:09:09]} Qb1+ {[%clk 0:30:13]} 43. Kg2 {[%clk 0:37:44]} 1/2-1/2

[Event "Deutsche Ländermeisterschaft 2021"]
[Site "Neumünster GER"]
[Date "2021.10.05"]
[Round "6"]
[White "Hinrichs, Paul"]
[Black "Ensslinger, Colin"]
[Result "1-0"]
[Termination "normal"]
[Board "6.3"]
[WhiteElo "2244"]
[BlackElo "1708"]
[WhiteClock "00:42:27"]
[BlackClock "00:44:17"]
[WhiteTeam "Rheinland-Pfalz"]
[BlackTeam "Württemberg"]
[PlyCount "94"]
[WhiteFideId "12942545"]
[BlackFideId "16226011"]
[EventCountry "GER"]
[EventRounds "7"]
[EventType "team-swiss"]
[EventDate "2021.10.01"]

1. d4 {[%clk 1:30:52]} Nf6 {[%clk 1:30:53]} 2. Nf3 {[%clk 1:31:18]} e6 {[%clk
1:31:12]} 3. g3 {[%clk 1:31:42]} b6 {[%clk 1:21:57]} 4. c4 {[%clk 1:19:30]} Ba6
{[%clk 1:22:21]} 5. b3 {[%clk 1:18:20]} Bb4+ {[%clk 1:22:41]} 6. Nbd2 {[%clk
1:06:32]} d5 {[%clk 1:20:52]} 7. Bg2 {[%clk 1:02:41]} Bc3 {[%clk 1:11:17]} 8.
Rb1 {[%clk 1:00:08]} dxc4 {[%clk 1:08:16]} 9. Qc2 {[%clk 0:58:39]} Nd5 {[%clk
1:05:35]} 10. bxc4 {[%clk 0:55:51]} Bxc4 {[%clk 1:05:36]} 11. e4 {[%clk
0:55:14]} Nb4 {[%clk 1:05:08]} 12. Qxc3 {[%clk 0:51:11]} Nd3+ {[%clk 1:05:04]}
13. Kf1 {[%clk 0:51:27]} Ba6 {[%clk 1:03:07]} 14. Kg1 {[%clk 0:47:46]} O-O
{[%clk 1:02:09]} 15. Bf1 {[%clk 0:46:16]} Nxc1 {[%clk 1:01:36]} 16. Rxc1 {[%clk
0:46:41]} c5 {[%clk 1:01:31]} 17. Bxa6 {[%clk 0:46:09]} Nxa6 {[%clk 1:01:57]}
18. Qc4 {[%clk 0:45:42]} Qc8 {[%clk 0:58:53]} 19. Kg2 {[%clk 0:43:45]} cxd4
{[%clk 0:57:45]} 20. Nxd4 {[%clk 0:42:30]} Qb7 {[%clk 0:55:51]} 21. Qc6 {[%clk
0:38:55]} Qe7 {[%clk 0:54:58]} 22. N2b3 {[%clk 0:36:53]} Nb4 {[%clk 0:52:52]}
23. Qc4 {[%clk 0:36:22]} Nxa2 {[%clk 0:47:22]} 24. Nc6 {[%clk 0:36:18]} Qb7
{[%clk 0:45:31]} 25. Rc2 {[%clk 0:36:26]} Rac8 {[%clk 0:45:42]} 26. Nbd4 {[%clk
0:35:20]} e5 {[%clk 0:41:09]} 27. Nf5 {[%clk 0:35:44]} g6 {[%clk 0:41:34]} 28.
Nce7+ {[%clk 0:36:08]} Kh8 {[%clk 0:41:25]} 29. Qxc8 {[%clk 0:36:31]} Rxc8
{[%clk 0:41:47]} 30. Rxc8+ {[%clk 0:36:58]} Qxc8 {[%clk 0:42:08]} 31. Nxc8
{[%clk 0:37:27]} gxf5 {[%clk 0:42:25]} 32. exf5 {[%clk 0:37:46]} Kg7 {[%clk
0:42:37]} 33. Nxa7 {[%clk 0:38:08]} Kf6 {[%clk 0:42:41]} 34. Rb1 {[%clk
0:38:37]} Kxf5 {[%clk 0:42:37]} 35. Rxb6 {[%clk 0:38:56]} Nc3 {[%clk 0:42:42]}
36. h4 {[%clk 0:39:18]} f6 {[%clk 0:43:00]} 37. f3 {[%clk 0:39:24]} h5 {[%clk
0:42:10]} 38. Nc8 {[%clk 0:39:46]} Kg6 {[%clk 0:42:25]} 39. Kf2 {[%clk
0:39:39]} Nd1+ {[%clk 0:42:08]} 40. Ke2 {[%clk 0:40:02]} Nc3+ {[%clk 0:42:29]}
41. Kd3 {[%clk 0:40:30]} Nd1 {[%clk 0:42:51]} 42. Rb1 {[%clk 0:40:36]} e4+
{[%clk 0:42:58]} 43. fxe4 {[%clk 0:41:00]} Nf2+ {[%clk 0:43:21]} 44. Kd4 {[%clk
0:41:25]} Ng4 {[%clk 0:43:39]} 45. Ne7+ {[%clk 0:41:48]} Kf7 {[%clk 0:43:57]}
46. Rb7 {[%clk 0:42:14]} Ke6 {[%clk 0:44:17]} 47. Nf5 {[%clk 0:42:27]} Kd5+ 1-0

[Event "Deutsche Ländermeisterschaft 2021"]
[Site "Neumünster GER"]
[Date "2021.10.05"]
[Round "6"]
[White "Schwartz, Oliver"]
[Black "Reitz, Theresa"]
[Result "1/2-1/2"]
[Termination "normal"]
[Board "6.4"]
[WhiteElo "1761"]
[BlackElo "1848"]
[WhiteClock "00:01:12"]
[BlackClock "00:21:25"]
[WhiteTeam "Württemberg"]
[BlackTeam "Rheinland-Pfalz"]
[PlyCount "82"]
[WhiteFideId "16207459"]
[BlackFideId "12971901"]
[EventCountry "GER"]
[EventRounds "7"]
[EventType "team-swiss"]
[EventDate "2021.10.01"]

1. d4 {[%clk 1:30:55]} Nf6 {[%clk 1:30:47]} 2. c4 {[%clk 1:31:19]} g6 {[%clk
1:31:11]} 3. Nc3 {[%clk 1:31:42]} d5 {[%clk 1:31:37]} 4. cxd5 {[%clk 1:32:07]}
Nxd5 {[%clk 1:32:01]} 5. e4 {[%clk 1:32:26]} Nxc3 {[%clk 1:32:23]} 6. bxc3
{[%clk 1:32:51]} Bg7 {[%clk 1:32:34]} 7. Nf3 {[%clk 1:33:09]} c5 {[%clk
1:32:38]} 8. Be2 {[%clk 1:33:11]} Nc6 {[%clk 1:30:32]} 9. d5 {[%clk 1:32:36]}
Ne5 {[%clk 1:25:48]} 10. Nxe5 {[%clk 1:19:13]} Bxe5 {[%clk 1:24:28]} 11. Bd2
{[%clk 1:18:47]} O-O {[%clk 1:21:27]} 12. O-O {[%clk 1:06:52]} e6 {[%clk
1:16:48]} 13. Bh6 {[%clk 0:54:30]} Bxh2+ {[%clk 1:16:13]} 14. Kxh2 {[%clk
0:53:48]} Qh4+ {[%clk 1:16:32]} 15. Kg1 {[%clk 0:54:13]} Qxh6 {[%clk 1:16:45]}
16. c4 {[%clk 0:44:05]} exd5 {[%clk 1:12:26]} 17. exd5 {[%clk 0:35:26]} Bf5
{[%clk 1:08:41]} 18. Bg4 {[%clk 0:27:32]} Be4 {[%clk 0:58:10]} 19. Re1 {[%clk
0:24:28]} Qf4 {[%clk 0:47:33]} 20. g3 {[%clk 0:13:17]} Qe5 {[%clk 0:38:40]} 21.
f4 {[%clk 0:05:45]} Qc3 {[%clk 0:38:05]} 22. Qb3 {[%clk 0:03:07]} Qd4+ {[%clk
0:35:25]} 23. Qe3 {[%clk 0:03:18]} Qxc4 {[%clk 0:31:52]} 24. Qxe4 {[%clk
0:02:50]} Qxe4 {[%clk 0:32:15]} 25. Rxe4 {[%clk 0:03:17]} f5 {[%clk 0:32:40]}
26. Re7 {[%clk 0:02:38]} fxg4 {[%clk 0:33:04]} 27. Rxb7 {[%clk 0:02:10]} Rfe8
{[%clk 0:30:02]} 28. Rc1 {[%clk 0:02:12]} Re3 {[%clk 0:28:42]} 29. Kf2 {[%clk
0:01:31]} Rf3+ {[%clk 0:28:42]} 30. Kg2 {[%clk 0:01:35]} Re8 {[%clk 0:28:01]}
31. Rxc5 {[%clk 0:01:11]} Re2+ {[%clk 0:27:45]} 32. Kg1 {[%clk 0:01:40]} Rxg3+
{[%clk 0:27:44]} 33. Kf1 {[%clk 0:02:09]} Rge3 {[%clk 0:26:43]} 34. Rc8+ {[%clk
0:01:20]} Re8 {[%clk 0:27:07]} 35. Rxe8+ {[%clk 0:00:49]} Rxe8 {[%clk 0:27:35]}
36. Rxa7 {[%clk 0:00:54]} Re4 {[%clk 0:25:47]} 37. d6 {[%clk 0:00:36]} Rxf4+
{[%clk 0:25:32]} 38. Kg2 {[%clk 0:00:43]} Rd4 {[%clk 0:25:44]} 39. d7 {[%clk
0:00:41]} Kf8 {[%clk 0:22:49]} 40. d8=Q+ {[%clk 0:00:52]} Rxd8 {[%clk 0:23:10]}
41. Rxh7 {[%clk 0:01:12]} Rd2+ {[%clk 0:21:25]} 1/2-1/2